Introducción al estudio de la prehistoria y de la arqueología de campo /

Guardado en:
Autor Principal: Almagro, Martin
Formato: Libro
Publicado: Barcelona : Guadarrama, 1978
Edición:6
Series:Punto omega/cultura ant., 162
Materias:
Etiquetas: Agregar Etiqueta
Sin Etiquetas, Sea el primero en etiquetar este registro!
LEADER 00748nam a22002175a 4500
001 CEM.cems000459
005 20060210000000.0
008 130507s1978##################000#0#####d
003 CEMS
082 0 4 |a 900 
100 1 |a Almagro, Martin 
245 1 0 |a Introducción al estudio de la prehistoria y de la arqueología de campo / 
250 |a 6 
260 |a Barcelona :  |b Guadarrama,  |c 1978 
300 |a 238 
490 0 |a Punto omega/cultura ant., 162 
653 |a Historia 
859 |a CEMS  |b BIB. CEMS - 11 de abril  |h 900  |i AL61a6  |p 8741.81  |t Ej.1 
859 |a CEMS  |b BIB. CEMS - 11 de abril  |h 900  |i AL61a6  |p 8742.81  |t Ej.2 
859 |a CEMS  |b BIB. CEMS - 11 de abril  |h 900  |i AL61a6  |p 9017.81  |t Ej.3 
859 |a CEMS  |b BIB. CEMS - 11 de abril  |h 900  |i AL61a6  |p 9018.81  |t Ej.4